| 000 | 00907 a2200277 4500 | ||
|---|---|---|---|
| 001 | 112176 | ||
| 020 | _a9780669471861 | ||
| 020 | _a9780669529951 | ||
| 041 | _apor | ||
| 090 | _aYear 6 808 | ||
| 100 | _aSebranek, Patrick. | ||
| 250 | _a. ed. | ||
| 300 | _aix, 598 p. | ||
| 697 | _aEnglish language - Composition and exercises. | ||
| 697 | _aAuthorship - Handbooks, manuals, etc. | ||
| 697 | _aEnglish language - Rhetoric - Handbooks, manuals, etc. | ||
| 697 | _aCreative writing - Handbooks, manuals, etc. | ||
| 697 | _aReport writing - Handbooks, manuals, etc. | ||
| 697 | _aRhetoric - Handbooks, manuals, etc. | ||
| 697 | _aStudy skills - Handbooks, manuals, etc. | ||
| 856 | _u000020/0000204c.jpg | ||
| 040 |
_aBR-BrIDEA _cBR-BrIDEA |
||
| 245 | 1 | 0 |
_aWriters INC _ba student handbook for writing and learning _c Patrick Sebranek |
| 260 |
_a[S.l.] _bWrite Source _c2001 |
||
| 942 | _cBK | ||
| 999 |
_c112176 _d112176 |
||